000 00651nam a22002417a 4500
003 UA-OsUOA
001 80763
007 ta
008 20111222b un ||||| |||| 00| 0 ukr d
100 _aКоэльо П.
090 _a821.161.1
_bК76
942 _cBK
040 _aUA-OsUOA
_brus
_cUA-OsUOA
_dUA-OsUOA
245 _aПобедитель остается один
_bроман
300 _a448 с.
955 _a3
041 _arus
080 _a821.161.1
020 _a978-5-17-058409-3
260 _aМ.
_bАСТ: Астрель
_c2009
650 7 _a82 Література. Літературознавство
_2UDC
999 _c367072
_d367072